LIBRARY ONLINE CATALOGUE

Laboratory (Kinematics) experiments for physics 218 / (Record no. 7899)

MARC details
000 -LEADER
fixed length control field 00706nam a22002172 4500
001 - CONTROL NUMBER
control field 0000009399
005 - DATE AND TIME OF LATEST TRANSACTION
control field 20151217152054.0
008 - FIXED-LENGTH DATA ELEMENTS--GENERAL INFORMATION
fixed length control field 081015s xx 000 0 eng d
020 ## - INTERNATIONAL STANDARD BOOK NUMBER
International Standard Book Number 0738014311 :
040 ## - CATALOGING SOURCE
Original cataloging agency KABU
Transcribing agency KABU
100 1# - MAIN ENTRY--PERSONAL NAME
Personal name Ramirez, Santos.
-- 0000160701
245 10 - TITLE STATEMENT
Title Laboratory (Kinematics) experiments for physics 218 /
Statement of responsibility, etc. Sanos Ramirez, Ruth A. Seidel, Jack C. Hiebert.
260 ## - PUBLICATION, DISTRIBUTION, ETC. (IMPRINT)
Place of publication, distribution, etc. Plymouth, MI :
Name of publisher, distributor, etc. Hayden-McNeil Publishing,
Date of publication, distribution, etc. 2005.
300 ## - PHYSICAL DESCRIPTION
Extent xiv, 174 p.
650 #0 - SUBJECT ADDED ENTRY--TOPICAL TERM
Topical term or geographic name as entry element Kinematics (physics)
-- 0000160702
700 1# - ADDED ENTRY--PERSONAL NAME
Personal name Seidel, Ruth A.
-- 0000160703
700 1# - ADDED ENTRY--PERSONAL NAME
Personal name Hiebert, Jack C.
-- 0000160704
908 ## - PUT COMMAND PARAMETER (RLIN)
Put command parameter 081015
950 ## - LOCAL HOLDINGS (RLIN)
-- 1
Holdings
Withdrawn status Lost status Source of classification or shelving scheme Not for loan Home library Current library Date acquired Total Checkouts Full call number Barcode Date last seen Price effective from Koha item type
    Library of Congress Classification   Kabarak, Main Campus Kabarak, Main Campus 17/12/2015   QC135 .R36 c. 1 009100 17/12/2015 17/12/2015 General Collection